Statistics for 30+ Goals in a single Premier League Season

Click here to take the quiz!

General Stats

  • This quiz has been taken 5,842 times
    (2,457 since last reset)
  • The average score is 9 of 11

Answer Stats

SeasonClubPlayer% Correct
22/23Manchester CityErling Haaland
99%
17/18TottenhamHarry Kane
98%
17/18LiverpoolMohamed Salah
98%
03/04ArsenalThiery Henry
95%
94/95BlackburnAlan Shearer
91%
95/96BlackburnAlan Shearer
91%
07/08Manchester UnitedCristiano Ronaldo
90%
13/14LiverpoolLuis Suarez
86%
11/12ArsenalRobin Van Persie
79%
93/94NewcastleAndy Cole
49%
99/00SunderlandKevin Phillips
31%

Score Distribution

Percentile by Number Answered

Percent of People with Each Score

Your Score History

You have not taken this quiz since the last reset